Welcome to the Holygrace Academy Library

Please use search bar below to get started

MAGIC PONIES (Record no. 1791)

MARC details
000 -LEADER
fixed length control field 00366nam a22001577a 4500
020 ## - INTERNATIONAL STANDARD BOOK NUMBER
ISBN 978-0-141-32958-8
082 ## - DEWEY DECIMAL CLASSIFICATION NUMBER
Classification number 823
Item number BEN/09
100 ## - MAIN ENTRY--AUTHOR NAME
Personal name BENTLEY, SUE
245 ## - TITLE STATEMENT
Title MAGIC PONIES
Remainder of title SHORT STORY
246 ## - VARYING FORM OF TITLE
Title proper/short title MAGIC PONIES
Remainder of title SHORT STORY
260 ## - PUBLICATION, DISTRIBUTION, ETC. (IMPRINT)
Place of publication LONDON
Name of publisher PUFFIN BOOKS
Year of publication 2009
300 ## - PHYSICAL DESCRIPTION
Number of Pages 119
520 ## - SUMMARY, ETC.
Summary, etc SHORT STORY
650 ## - SUBJECT ADDED ENTRY--TOPICAL TERM
Topical Term SHORT STORY
942 ## - ADDED ENTRY ELEMENTS (KOHA)
Koha item type Books
Holdings
Withdrawn status Lost status Collection code Home library Current library Shelving location Date acquired Source of acquisition Cost, normal purchase price Full call number Accession Number Koha item type
    Fiction Main Library Main Library SHELF 4-B ANIMAL ARK 25/02/2004 Purchase 497.00 823 BEN/09 08189 Books
    Fiction Main Library Main Library SHELF 4-B ANIMAL ARK 31/01/2019 Purchase 413.00 823 BEN/09 10887 Books
    Fiction Main Library Main Library SHELF 4-B ANIMAL ARK 26/03/2014 Purchase 413.00 823 BEN/09 08222 Books